[Event "Bundesliga 1819"]
[Site "Germany"]
[Date "2018.11.10"]
[Round "1.1"]
[White "Buhmann, Rainer"]
[Black "Raykhman, Alexander"]
[Result "1-0"]
[WhiteElo "2574"]
[BlackElo "2387"]
[PlyCount "85"]
[EventDate "2018.11.10"]
[EventType "team-tourn"]
[EventRounds "15"]
[EventCountry "GER"]
[SourceTitle "CBM 187 Extra"]
[Source "ChessBase"]
[SourceDate "2018.11.04"]
[SourceVersion "1"]
[SourceVersionDate "2018.11.04"]
[SourceQuality "1"]
[WhiteTeam "Hockenheim"]
[BlackTeam "Muenchen Zugzwang"]
[WhiteTeamCountry "GER"]
[BlackTeamCountry "GER"]

1. e4 c5 2. Nf3 d6 3. d4 Nf6 4. Nc3 cxd4 5. Nxd4 a6 6. Be3 e6 7. g4 h5 8. g5 Ng4 9. Bc1 Qb6 10. h3 Ne5 11. Be2 Nbc6 12. Nb3 g6 13. Be3 Qc7 14. f4 Nd7 15. Qd2 b5 16. a4 b4 17. Na2 Bb7 18. 0-0 Bg7 19. Rad1 Ne7 20. Qxd6 Qxd6 21. Rxd6 Bxe4 22. Rxd7 Nf5 23. Bf2 Bxc2 24. Nc5 b3 25. Nb4 Bxb2 26. Rb7 Nd4 27. Bxa6 Bc3 28. Nxc2 bxc2 29. Ne4 Nf3+ 30. Kg2 Ne1+ 31. Rxe1 Bxe1 32. Bb5+ Kf8 33. Rc7 Bxf2 34. Kxf2 Kg7 35. Rxc2 Rhd8 36. Ke3 Rd1 37. Ra2 Rh1 38. Nf2 Rb1 39. Bd3 Rc1 40. a5 f6 41. gxf6+ Kxf6 42. a6 Ra7 43. Rb2 1-0

[Event "Bundesliga 1718"]
[Site "Germany"]
[Date "2018.05.01"]
[Round "15.6"]
[White "Van Foreest, Lucas"]
[Black "Raykhman, Alexander"]
[Result "1/2-1/2"]
[WhiteElo "2489"]
[BlackElo "2402"]
[PlyCount "89"]
[EventDate "2017.10.21"]
[EventType "team-tourn"]
[EventRounds "15"]
[EventCountry "GER"]
[SourceTitle "CBM 184"]
[Source "ChessBase"]
[SourceDate "2018.05.16"]
[SourceVersion "1"]
[SourceVersionDate "2018.05.16"]
[SourceQuality "1"]
[WhiteTeam "Aachen"]
[BlackTeam "Schwaebisch Hall"]
[WhiteTeamCountry "GER"]
[BlackTeamCountry "GER"]

1. e4 c5 2. Nf3 d6 3. d4 cxd4 4. Nxd4 Nf6 5. Nc3 a6 6. Be3 e6 7. f3 b5 8. g4 Bb7 9. h4 Nfd7 10. Qd2 Nb6 11. a4 Nc4 12. Bxc4 bxc4 13. h5 d5 14. e5 Nd7 15. f4 Nc5 16. g5 Ne4 17. Nxe4 dxe4 18. 0-0-0 Qd7 19. Qa5 Qd8 20. Qc3 Bd5 21. f5 Qd7 22. Qa5 Qd8 23. Qe1 Qd7 24. Qa5 Qd8 25. Qxd8+ Rxd8 26. f6 Rg8 27. Rhg1 Bb4 28. Ne2 Bc6 29. Rxd8+ Kxd8 30. Bb6+ Kc8 31. a5 gxf6 32. exf6 Bd6 33. Be3 Bd5 34. Nc3 Be5 35. Ne2 Bd6 36. Rg4 Be5 37. Bd4 Bc7 38. Rg1 Bh2 39. Rg2 Bc7 40. Be3 Be5 41. Rg1 Bh2 42. Rd1 Bc7 43. Rg1 Bh2 44. Rh1 Bc7 45. Rg1 1/2-1/2

[Event "Bundesliga 1718"]
[Site "Germany"]
[Date "2017.12.10"]
[Round "6.6"]
[White "Saltaev, Mihail"]
[Black "Raykhman, Alexander"]
[Result "1/2-1/2"]
[WhiteElo "2477"]
[BlackElo "2402"]
[PlyCount "41"]
[EventDate "2017.10.21"]
[EventType "team-tourn"]
[EventRounds "15"]
[EventCountry "GER"]
[SourceTitle "CBM 182"]
[Source "ChessBase"]
[SourceDate "2018.01.17"]
[SourceVersion "1"]
[SourceVersionDate "2018.01.17"]
[SourceQuality "1"]
[WhiteTeam "Muelheim"]
[BlackTeam "Schwaebisch Hall"]
[WhiteTeamCountry "GER"]
[BlackTeamCountry "GER"]

1. e4 c5 2. Nf3 d6 3. d4 cxd4 4. Nxd4 Nf6 5. Nc3 a6 6. Bc4 e6 7. a3 Be7 8. Ba2 0-0 9. 0-0 b5 10. Be3 Bb7 11. f3 Re8 12. Qe1 Nbd7 13. Qg3 Bf8 14. Rad1 Rc8 15. Kh1 Qc7 16. Bc1 Qb8 17. Rfe1 Nc5 18. Qh3 Kh8 19. Nde2 Ncd7 20. Nd4 Nc5 21. Nde2 1/2-1/2

[Event "Bundesliga 1617"]
[Site "Germany"]
[Date "2017.05.01"]
[Round "15.8"]
[White "Raykhman, Alexander"]
[Black "Nothnagel, Marian Can"]
[Result "1-0"]
[WhiteElo "2412"]
[BlackElo "1991"]
[PlyCount "69"]
[EventDate "2016.10.15"]
[EventType "team-tourn"]
[EventRounds "15"]
[EventCountry "GER"]
[SourceTitle "CBM 178"]
[Source "ChessBase"]
[SourceDate "2017.05.14"]
[SourceVersion "1"]
[SourceVersionDate "2017.05.14"]
[SourceQuality "1"]
[WhiteTeam "Schwaebisch Hall"]
[BlackTeam "Griesheim"]
[WhiteTeamCountry "GER"]
[BlackTeamCountry "GER"]

1. d4 Nf6 2. Nf3 g6 3. c4 Bg7 4. e3 0-0 5. Be2 d6 6. 0-0 Nbd7 7. Nc3 e5 8. b3 Re8 9. a4 e4 10. Nd2 Nf8 11. a5 a6 12. b4 h5 13. b5 Bf5 14. bxa6 bxa6 15. Rb1 N8h7 16. Ba3 Bh6 17. Rb7 Bc8 18. Rb3 Bg4 19. Bxg4 hxg4 20. Qc2 Ng5 21. Nd5 Kg7 22. Rc1 Ra7 23. Rcb1 Nxd5 24. cxd5 Qf6 25. Qc6 Raa8 26. Qxc7 Rad8 27. Rb8 Nh3+ 28. gxh3 gxh3 29. Rxd8 Bxe3 30. fxe3 Qg5+ 31. Kf2 Rxd8 32. Rb8 Rxb8 33. Qxb8 Qg2+ 34. Ke1 Qxh2 35. Bxd6 1-0

[Event "Bundesliga 1617"]
[Site "Germany"]
[Date "2017.04.29"]
[Round "13.8"]
[White "Hoffmann, Paul"]
[Black "Raykhman, Alexander"]
[Result "1/2-1/2"]
[WhiteElo "2372"]
[BlackElo "2412"]
[PlyCount "82"]
[EventDate "2016.10.15"]
[EventType "team-tourn"]
[EventRounds "15"]
[EventCountry "GER"]
[SourceTitle "CBM 178"]
[Source "ChessBase"]
[SourceDate "2017.05.14"]
[SourceVersion "1"]
[SourceVersionDate "2017.05.14"]
[SourceQuality "1"]
[WhiteTeam "Dresden"]
[BlackTeam "Schwaebisch Hall"]
[WhiteTeamCountry "GER"]
[BlackTeamCountry "GER"]

1. e4 c5 2. Nf3 d6 3. Nc3 a6 4. a4 Bg4 5. h3 Bxf3 6. Qxf3 Nc6 7. Qd1 g6 8. g3 Bg7 9. Bg2 e6 10. 0-0 Nge7 11. d3 Rb8 12. Ne2 0-0 13. c3 b5 14. axb5 axb5 15. Bg5 h6 16. Be3 b4 17. Ra6 bxc3 18. bxc3 Rb2 19. Re1 Qb8 20. d4 cxd4 21. Nxd4 Rc8 22. Bf1 Ne5 23. Qa1 d5 24. Qa3 Rb7 25. Ra1 dxe4 26. Nb5 Nd5 27. Ba7 Rxa7 28. Rxa7 Nxc3 29. Nxc3 Nf3+ 30. Kh1 Bxc3 31. Ra8 Qxa8 32. Qxa8 Rxa8 33. Rxa8+ Kg7 34. Bg2 Bd4 35. Bxf3 exf3 36. Kg1 e5 37. Ra3 e4 38. Ra4 e3 39. Rxd4 e2 40. Re4 f5 41. Re3 g5 1/2-1/2

[Event "Bundesliga 1617"]
[Site "Germany"]
[Date "2017.04.08"]
[Round "11.7"]
[White "Carlstedt, Jonathan"]
[Black "Raykhman, Alexander"]
[Result "1/2-1/2"]
[WhiteElo "2438"]
[BlackElo "2412"]
[PlyCount "131"]
[EventDate "2016.10.15"]
[EventType "team-tourn"]
[EventRounds "15"]
[EventCountry "GER"]
[SourceTitle "CBM 178"]
[Source "ChessBase"]
[SourceDate "2017.05.14"]
[SourceVersion "1"]
[SourceVersionDate "2017.05.14"]
[SourceQuality "1"]
[WhiteTeam "Hamburger SK"]
[BlackTeam "Schwaebisch Hall"]
[WhiteTeamCountry "GER"]
[BlackTeamCountry "GER"]

1. d4 Nf6 2. Nf3 g6 3. c4 Bg7 4. g3 0-0 5. Bg2 d6 6. Nc3 Nc6 7. 0-0 a6 8. Qd3 e5 9. dxe5 Nxe5 10. Nxe5 dxe5 11. Qxd8 Rxd8 12. Bg5 Re8 13. Nd5 Nxd5 14. cxd5 Bf8 15. Rac1 Bd6 16. Bf6 Bd7 17. Rc2 a5 18. Rfc1 Ra6 19. Bg5 e4 20. f3 Bf5 21. Rc4 exf3 22. Bxf3 Rb6 23. Bf6 Rb4 24. Rxc7 Bxc7 25. Rxc7 Rc8 26. Re7 Rb6 27. Bd4 Kf8 28. Re3 Rd6 29. Rb3 Rd7 30. Rb5 Re8 31. Rxa5 Be4 32. Kf2 f5 33. d6 Kf7 34. Ra7 Ke6 35. Bc5 b6 36. Rxd7 Kxd7 37. Bxb6 Kxd6 38. a4 Kc6 39. Bd4 Bxf3 40. exf3 Ra8 41. b3 Rb8 42. a5 Rxb3 43. a6 Ra3 44. a7 Kd5 45. Bb6 Kc6 46. Bd4 Kd5 47. Bb6 g5 48. g4 Ra2+ 49. Ke3 f4+ 50. Kd3 h6 51. h3 Kc6 52. Bd4 Kb7 53. Bg7 Ra3+ 54. Ke4 Re3+ 55. Kf5 Rxf3 56. Bxh6 Rxh3 57. Bxg5 f3 58. Be3 f2 59. Bxf2 Rf3+ 60. Ke6 Rxf2 61. g5 Rg2 62. Kf6 Kxa7 63. g6 Kb7 64. g7 Kc7 65. Kf7 Rxg7+ 66. Kxg7 1/2-1/2

[Event "Bundesliga 1516"]
[Site "Germany"]
[Date "2016.03.13"]
[Round "11.3"]
[White "Raykhman, Alexander"]
[Black "Heinemann, Thies"]
[Result "0-1"]
[WhiteElo "2414"]
[BlackElo "2459"]
[PlyCount "40"]
[EventDate "2015.09.18"]
[EventType "team-tourn"]
[EventRounds "15"]
[EventCountry "GER"]
[SourceTitle "CBM 172"]
[Source "ChessBase"]
[SourceDate "2016.05.12"]
[SourceVersion "1"]
[SourceVersionDate "2016.05.12"]
[SourceQuality "1"]
[WhiteTeam "Schwaebisch Hall"]
[BlackTeam "Hamburger SK"]
[WhiteTeamCountry "GER"]
[BlackTeamCountry "GER"]

1. d4 Nf6 2. c4 e6 3. Nf3 b6 4. g3 Ba6 5. Nbd2 Bb4 6. Qa4 c5 7. a3 Bxd2+ 8. Bxd2 0-0 9. Bg2 d5 10. cxd5 exd5 11. b4 Re8 12. b5 Rxe2+ 13. Kf1 Qe8 14. Rb1 Ne4 15. Be1 Rxe1+ 16. Nxe1 Nd2+ 17. Kg1 Nxb1 18. Bxd5 Nc3 19. Qb3 Nxd5 20. Qxd5 Bxb5 0-1

[Event "Bundesliga 1516"]
[Site "Germany"]
[Date "2016.03.12"]
[Round "10.3"]
[White "Bohnsack, Ralf"]
[Black "Raykhman, Alexander"]
[Result "0-1"]
[WhiteElo "2155"]
[BlackElo "2414"]
[PlyCount "180"]
[EventDate "2015.09.18"]
[EventType "team-tourn"]
[EventRounds "15"]
[EventCountry "GER"]
[SourceTitle "CBM 172"]
[Source "ChessBase"]
[SourceDate "2016.05.12"]
[SourceVersion "1"]
[SourceVersionDate "2016.05.12"]
[SourceQuality "1"]
[WhiteTeam "Norderstedt"]
[BlackTeam "Schwaebisch Hall"]
[WhiteTeamCountry "GER"]
[BlackTeamCountry "GER"]

1. d4 Nf6 2. Nf3 g6 3. c4 Bg7 4. Nc3 0-0 5. e4 d6 6. Be2 e5 7. d5 a5 8. Bg5 h6 9. Bh4 Na6 10. Nd2 Qe8 11. 0-0 Nh7 12. a3 Bd7 13. b3 h5 14. f3 Bh6 15. Kh1 Be3 16. Qc2 g5 17. Bf2 Bxf2 18. Rxf2 h4 19. Rb1 c5 20. Nb5 Qe7 21. Nf1 Nf6 22. g4 hxg3 23. Nxg3 Kh7 24. Qd2 Rg8 25. Rg1 Ne8 26. Bf1 Nac7 27. a4 Qf6 28. Ne2 Rg6 29. Rg3 Nxb5 30. cxb5 Ng7 31. Rfg2 g4 32. f4 Nh5 33. f5 Nxg3+ 34. Nxg3 Rh6 35. Be2 Qh4 36. Bc4 b6 37. Bd3 Rh8 38. Bc4 Rg8 39. Kg1 Kg7 40. Bf1 Kf8 41. Bc4 Ke7 42. Bf1 Kd8 43. Bc4 Kc7 44. Bf1 Qf6 45. Rf2 Rgh8 46. Qe3 Rh4 47. Qd2 R8h6 48. Qe3 Qg7 49. Qc1 Rf6 50. Qe3 Qh7 51. Qc1 Kb7 52. Qe3 Rfh6 53. Qd2 Qh8 54. Re2 c4 55. bxc4 Qc8 56. Rg2 Qc5+ 57. Qf2 Qb4 58. Qc2 Rh8 59. Qa2 Rh3 60. Qc2 Qa3 61. Qa2 Qb4 62. Qc2 R8h7 63. Rf2 R3h4 64. Rg2 f6 65. Qa2 Rh8 66. Qc2 R4h7 67. Qa2 Kc7 68. Qc2 Rh3 69. Rf2 R3h7 70. Rg2 Kb7 71. Qa2 Rc8 72. Qc2 Rc7 73. Qa2 Rh3 74. Qc2 Qa3 75. Qa2 Rxg3 76. hxg3 Qe3+ 77. Qf2 Qxe4 78. Rh2 Bxf5 79. Rh5 Bg6 80. Rh6 Rf7 81. Rh8 Qd4 82. Qxd4 exd4 83. Rg8 Bf5 84. Re8 Bc2 85. Kf2 Bxa4 86. Bd3 Bb3 87. Ke1 a4 88. Kd2 a3 89. Kc1 Rc7 90. Re4 Rh7 0-1

[Event "Bundesliga 1516"]
[Site "Germany"]
[Date "2015.12.12"]
[Round "3.5"]
[White "Raykhman, Alexander"]
[Black "Hoffmann, Paul"]
[Result "1-0"]
[WhiteElo "2414"]
[BlackElo "2358"]
[PlyCount "69"]
[EventDate "2015.09.18"]
[EventType "team-tourn"]
[EventRounds "15"]
[EventCountry "GER"]
[SourceTitle "CBM 170"]
[Source "ChessBase"]
[SourceDate "2016.01.15"]
[SourceVersion "1"]
[SourceVersionDate "2016.01.15"]
[SourceQuality "1"]
[WhiteTeam "Schwaebisch Hall"]
[BlackTeam "Dresden TU"]
[WhiteTeamCountry "GER"]
[BlackTeamCountry "GER"]

1. d4 Nf6 2. c4 e6 3. Nf3 Bb4+ 4. Bd2 Qe7 5. g3 Nc6 6. Nc3 Bxc3 7. Bxc3 Ne4 8. Rc1 0-0 9. Bg2 f5 10. 0-0 d6 11. d5 Nd8 12. Nd2 Nxc3 13. Rxc3 a5 14. Qc2 Bd7 15. f4 exd5 16. cxd5 c5 17. e4 Nf7 18. a4 Qf6 19. Kh1 Nh6 20. e5 dxe5 21. fxe5 Qxe5 22. Nc4 Qf6 23. d6 Ng4 24. Bxb7 Rab8 25. Bf3 Qh6 26. b3 f4 27. Qd2 Kh8 28. Bxg4 Bxg4 29. Rxf4 g5 30. Rxf8+ Rxf8 31. Rc1 Bd7 32. Kg1 Qh3 33. Ne5 Re8 34. Nxd7 Qxd7 35. Rxc5 1-0

[Event "BL2-Sued 1314"]
[Site "Germany"]
[Date "2014.02.23"]
[Round "7.5"]
[White "Raykhman, Alexander"]
[Black "Becker, Matthias1"]
[Result "1-0"]
[WhiteElo "2403"]
[BlackElo "1956"]
[PlyCount "55"]
[EventDate "2013.10.13"]
[EventType "team-tourn"]
[EventRounds "9"]
[EventCountry "GER"]
[SourceTitle "EXT 2015"]
[Source "ChessBase"]
[SourceDate "2014.11.20"]
[SourceVersion "1"]
[SourceVersionDate "2014.11.20"]
[SourceQuality "1"]
[WhiteTeam "Schwaebisch Hall"]
[BlackTeam "Buchen"]
[WhiteTeamCountry "GER"]
[BlackTeamCountry "GER"]

1. d4 d6 2. Nf3 g6 3. c4 Bg7 4. Nc3 e5 5. g3 Nc6 6. dxe5 dxe5 7. Qxd8+ Nxd8 8. Nd5 Ne6 9. Ng5 Nxg5 10. Bxg5 Rb8 11. Be3 b6 12. Nxc7+ Kf8 13. Bg2 Bh6 14. Bxh6+ Nxh6 15. 0-0-0 Kg7 16. h3 Bf5 17. b3 Rbc8 18. Nb5 a6 19. Nd6 Rc7 20. Kb2 Rb8 21. Rd5 f6 22. Nxf5+ Nxf5 23. Rhd1 Nd4 24. e3 Ne6 25. Rd7+ Rxd7 26. Rxd7+ Kh6 27. Rd6 Nc5 28. b4 1-0

[Event "BL2-Sued 1314"]
[Site "Germany"]
[Date "2013.10.13"]
[Round "1.6"]
[White "Bewersdorff, Oliver"]
[Black "Raykhman, Alexander"]
[Result "1/2-1/2"]
[WhiteElo "2300"]
[BlackElo "2384"]
[PlyCount "39"]
[EventDate "2013.10.13"]
[EventType "team-tourn"]
[EventRounds "9"]
[EventCountry "GER"]
[SourceTitle "EXT 2015"]
[Source "ChessBase"]
[SourceDate "2014.11.20"]
[SourceVersion "1"]
[SourceVersionDate "2014.11.20"]
[SourceQuality "1"]
[WhiteTeam "Schott Mainz"]
[BlackTeam "Schwaebisch Hall"]
[WhiteTeamCountry "GER"]
[BlackTeamCountry "GER"]

1. c4 g6 2. g3 Bg7 3. Bg2 Nf6 4. Nc3 0-0 5. d4 d6 6. Nf3 Nc6 7. 0-0 a6 8. h3 Bd7 9. e4 e5 10. dxe5 dxe5 11. Be3 Be6 12. Qa4 b5 13. cxb5 axb5 14. Qxb5 Nd4 15. Qxe5 Nd5 16. Qg5 Nxf3+ 17. Bxf3 Bf6 18. Qh6 Bg7 19. Qg5 Bf6 20. Qh6 1/2-1/2

[Event "BL2-Sued 1213"]
[Site "Germany"]
[Date "2013.02.03"]
[Round "6.5"]
[White "Nazarenus, Moritz"]
[Black "Raykhman, Alexander"]
[Result "0-1"]
[WhiteElo "2248"]
[BlackElo "2362"]
[PlyCount "58"]
[EventDate "2012.10.14"]
[EventType "team-tourn"]
[EventRounds "9"]
[EventCountry "GER"]
[SourceTitle "CBM 154 Extra"]
[Source "ChessBase"]
[SourceDate "2013.06.25"]
[SourceVersion "2"]
[SourceVersionDate "2013.06.25"]
[SourceQuality "1"]
[WhiteTeam "Schoeneck"]
[BlackTeam "Baden-Baden II"]
[WhiteTeamCountry "GER"]
[BlackTeamCountry "GER"]

1. d4 Nf6 2. c4 g6 3. Nc3 Bg7 4. e4 d6 5. f3 0-0 6. Be3 a6 7. Nge2 Nbd7 8. Qd2 c5 9. d5 b5 10. cxb5 Qa5 11. Ng3 Nb6 12. Be2 Nfd7 13. Bh6 Bxh6 14. Qxh6 Na4 15. Qd2 axb5 16. h4 Nxc3 17. bxc3 Nf6 18. h5 Bd7 19. Rc1 Qxa2 20. Qh6 Qb2 21. e5 dxe5 22. d6 Ra1 23. Rxa1 Qxa1+ 24. Kf2 Qxc3 25. Rd1 exd6 26. Rxd6 e4 27. Qg5 Be6 28. hxg6 hxg6 29. fxe4 Qxg3+ 0-1

[Event "Munich OIS op 32nd"]
[Site "Munich"]
[Date "2012.10.06"]
[Round "8"]
[White "Raykhman, Alexander"]
[Black "Belezky, Alexander"]
[Result "1/2-1/2"]
[WhiteElo "2362"]
[BlackElo "2413"]
[PlyCount "45"]
[EventDate "2012.09.29"]
[EventType "swiss"]
[EventRounds "9"]
[EventCountry "GER"]
[SourceTitle "EXT 2013"]
[Source "ChessBase"]
[SourceDate "2012.11.22"]
[SourceVersion "1"]
[SourceVersionDate "2012.11.22"]
[SourceQuality "1"]

1. d4 Nf6 2. Nf3 e6 3. c4 Bb4+ 4. Bd2 Qe7 5. g3 Nc6 6. Nc3 Bxc3 7. Bxc3 Ne4 8. Rc1 d6 9. d5 Nxc3 10. Rxc3 Nb8 11. dxe6 fxe6 12. Bg2 0-0 13. Nd4 c6 14. 0-0 e5 15. Nc2 Be6 16. Qd2 Nd7 17. Ne3 Nb6 18. b3 Rad8 19. Rd3 Nc8 20. f4 exf4 21. gxf4 Kh8 22. Kh1 Rde8 23. Nc2 1/2-1/2

[Event "GER-ch Net final U25"]
[Site "Playchess.com INT"]
[Date "2012.09.15"]
[Round "1"]
[White "Poetsch, Hagen"]
[Black "Raykhman, Alexander"]
[Result "1-0"]
[WhiteElo "2408"]
[BlackElo "2366"]
[PlyCount "105"]
[EventDate "2012.09.15"]
[EventType "swiss (blitz)"]
[EventRounds "9"]
[EventCountry "GER"]
[SourceTitle "CBM 150 Extra"]
[Source "ChessBase"]
[SourceDate "2012.10.19"]
[SourceVersion "1"]
[SourceVersionDate "2012.10.19"]
[SourceQuality "1"]

1. e4 c5 2. Nf3 d6 3. d4 cxd4 4. Nxd4 Nf6 5. Nc3 a6 6. Bg5 Nbd7 7. Bc4 g6 8. Qe2 Bg7 9. 0-0-0 0-0 10. f4 Qc7 11. Bb3 b5 12. Nd5 Nxd5 13. Bxd5 Bb7 14. Bxb7 Qxb7 15. Rhe1 Rfe8 16. Nf3 h6 17. Bh4 Rac8 18. Kb1 Rc4 19. b3 Rc7 20. e5 dxe5 21. fxe5 Nc5 22. Qd2 Ne4 23. Rxe4 Qxe4 24. Re1 Qc6 25. Re3 e6 26. Rd3 a5 27. Bd8 Rc8 28. Bxa5 Qc5 29. Bb4 Qc6 30. h4 Ra8 31. h5 Qa6 32. a3 g5 33. Rd7 Bf8 34. Kb2 Bxb4 35. Qxb4 Red8 36. Rxd8+ Rxd8 37. Qe7 Rc8 38. Qd7 Qc6 39. Qd2 Qc5 40. c3 Qc7 41. Qe3 Rd8 42. Nxg5 hxg5 43. Qxg5+ Kf8 44. h6 Qd7 45. h7 Qd2+ 46. Qxd2 Rxd2+ 47. Kc1 Kg7 48. Kxd2 Kxh7 49. a4 bxa4 50. bxa4 Kg6 51. a5 Kf5 52. a6 Kxe5 53. a7 1-0

[Event "GER-ch Net final U25"]
[Site "Playchess.com INT"]
[Date "2012.09.15"]
[Round "2"]
[White "Raykhman, Alexander"]
[Black "Kearns, Christopher"]
[Result "1/2-1/2"]
[WhiteElo "2366"]
[BlackElo "2064"]
[PlyCount "112"]
[EventDate "2012.09.15"]
[EventType "swiss (blitz)"]
[EventRounds "9"]
[EventCountry "GER"]
[SourceTitle "CBM 150 Extra"]
[Source "ChessBase"]
[SourceDate "2012.10.19"]
[SourceVersion "1"]
[SourceVersionDate "2012.10.19"]
[SourceQuality "1"]

1. d4 Nf6 2. c4 e6 3. Nf3 b6 4. g3 Ba6 5. Qc2 c5 6. d5 exd5 7. cxd5 g6 8. Bg2 Bg7 9. Nc3 0-0 10. 0-0 Re8 11. Re1 d6 12. Bf4 b5 13. a4 b4 14. Nb5 Bxb5 15. axb5 Qb6 16. Nd2 Qxb5 17. Nc4 b3 18. Qc1 Rd8 19. Nxd6 Qb4 20. Nc4 Nbd7 21. Na5 Re8 22. Nc6 Qb6 23. Qc4 Nh5 24. Ra6 Qb7 25. Ra3 Nxf4 26. gxf4 Nb6 27. Qxb3 c4 28. Qb5 Qd7 29. Nxa7 Rxa7 30. Qxb6 Rb7 31. Qc6 Bxb2 32. Ra4 c3 33. Rc4 Ra7 34. Qxd7 Rxd7 35. e3 Kg7 36. Rb1 Ree7 37. e4 Rc7 38. d6 Rxc4 39. dxe7 c2 40. Rf1 Rc8 41. e5 c1Q 42. Rxc1 Bxc1 43. Bc6 Bxf4 44. Bd7 Rb8 45. e6 fxe6 46. e8Q Rxe8 47. Bxe8 Kf6 48. Kg2 Bd6 49. f3 h5 50. h3 h4 51. Bc6 Ke5 52. Be4 Kf4 53. Bxg6 e5 54. Be4 Bc5 55. Bd5 Bd4 56. Be6 Ke3 1/2-1/2

[Event "GER-ch Net final U25"]
[Site "Playchess.com INT"]
[Date "2012.09.15"]
[Round "7"]
[White "Raykhman, Alexander"]
[Black "Schulze, Torben"]
[Result "1/2-1/2"]
[WhiteElo "2366"]
[BlackElo "2276"]
[PlyCount "50"]
[EventDate "2012.09.15"]
[EventType "swiss (blitz)"]
[EventRounds "9"]
[EventCountry "GER"]
[SourceTitle "CBM 150 Extra"]
[Source "ChessBase"]
[SourceDate "2012.10.19"]
[SourceVersion "1"]
[SourceVersionDate "2012.10.19"]
[SourceQuality "1"]

1. d4 Nc6 2. c4 e5 3. dxe5 Nxe5 4. e3 Nf6 5. Nc3 Bc5 6. Be2 0-0 7. Nf3 d6 8. 0-0 a5 9. b3 Re8 10. Bb2 Nxf3+ 11. Bxf3 Nd7 12. Qc2 Ne5 13. Be2 Bg4 14. Rad1 Qh4 15. Nd5 Rac8 16. Bxg4 Nxg4 17. h3 Re6 18. hxg4 Rh6 19. f4 c6 20. g5 Qh1+ 21. Kf2 Qh4+ 22. Kg1 Qh1+ 23. Kf2 Qh4+ 24. Kf3 Qh5+ 25. Kf2 Qh4+ 1/2-1/2

[Event "BL2-Sued 1112"]
[Site "Germany"]
[Date "2012.04.15"]
[Round "9.4"]
[White "Mueller, Ralf1"]
[Black "Raykhman, Alexander"]
[Result "1/2-1/2"]
[WhiteElo "2411"]
[BlackElo "2357"]
[PlyCount "64"]
[EventDate "2011.10.02"]
[EventType "team-tourn"]
[EventRounds "9"]
[EventCountry "GER"]
[SourceTitle "EXT 2015"]
[Source "ChessBase"]
[SourceDate "2014.11.20"]
[SourceVersion "1"]
[SourceVersionDate "2014.11.20"]
[SourceQuality "1"]
[WhiteTeam "Boeblingen"]
[BlackTeam "Baden-Baden II"]
[WhiteTeamCountry "GER"]
[BlackTeamCountry "GER"]

1. Nf3 Nf6 2. c4 g6 3. Nc3 Bg7 4. e4 d6 5. d4 0-0 6. Be2 e5 7. Be3 Ng4 8. Bg5 f6 9. Bh4 g5 10. Bg3 Nh6 11. c5 Nc6 12. cxd6 cxd6 13. dxe5 dxe5 14. Nd2 Nd4 15. Bc4+ Kh8 16. Bd5 Bg4 17. f3 Bh5 18. 0-0 f5 19. Nc4 f4 20. Bf2 g4 21. Nxe5 Nxf3+ 22. Nxf3 gxf3 23. gxf3 Nf7 24. Bxf7 Qg5+ 25. Kh1 Rxf7 26. Bd4 Bxd4 27. Qxd4+ Rg7 28. Qf2 Rag8 29. Ne2 Qe5 30. Rg1 Qxb2 31. Rxg7 Rxg7 32. Rg1 Rxg1+ 1/2-1/2